| 000 | 01032nac a22003137a 4500 | ||
|---|---|---|---|
| 001 | BR8005273 | ||
| 003 | BR-BrBNA | ||
| 005 | 20240105114755.0 | ||
| 008 | 230509b bl.|||m| |||| 00| 0 por d | ||
| 040 |
_aBR-BrBNA _bpor _cBiblioteca Nacional de Agricultura |
||
| 072 | _aF28 | ||
| 090 | _aF28 BR8005273 | ||
| 100 | 1 | _aWunsche, W.A. | |
| 100 | 1 | _aDenardin, J.E. | |
| 110 | 1 | _aCentro Nacional de Pesquisa de Trigo, Passo Fundo, RS (Brasil) | |
| 245 | 1 | _aObservacao e manejo dos solos 1. Planalto Rio Grandense. Consideracoes gerais [chuva, erosao do solo, Rio Grande do Sul, Brasil] | |
| 260 | 3 |
_aPasso Fundo, RS (Brasil): _c1980. |
|
| 300 | _a20 p. | ||
| 490 |
_aCircular Tecnica - Centro Nacional de Pesquisa de Trigo (Brazil) _vno. 2 _xISSN 0100-8625 |
||
| 500 | _a15 ref. | ||
| 650 | _aSOLO | ||
| 650 | _aEROSAO DO SOLO | ||
| 650 | _aCHUVA | ||
| 650 | _aCONSERVACAO DO SOLO | ||
| 650 | _aPLANALTO | ||
| 650 | _aRIO GRANDE DO SUL | ||
| 909 |
_a202312 _bLúcia Elande _c55 _dLúcia Elande |
||
| 942 |
_2AGRIS _n0 _cMS |
||
| 999 |
_c271221 _d271221 |
||